| 000 | 02673nab a22003977a 4500 | ||
|---|---|---|---|
| 003 | AR-RoUNA | ||
| 005 | 20250404100708.0 | ||
| 022 | _a0020-8701 | ||
| 040 |
_aAR-RoUNA _bspa |
||
| 041 | _aeng | ||
| 044 | _aag | ||
| 245 | _aSustainable mobilyty | ||
| 260 |
_aEstados Unidos de América : _bBlackwell Publishing Unesco, _c2003. |
||
| 300 |
_a363 p. _bfot. byn. _bCuadros estadísticos _bDiagrs. _c25x17 cm. |
||
| 505 | _tINDICE | ||
| 505 | _aLiana Giorgi / Movilidad sostenible: retos, oportunidades y conflictos: una perspectiva desde las ciencias sociales. p. 173 | ||
| 505 | _aJoseph S. Szyliowicz / Toma de decisiones, transporte intermodal y movilidad sostenible: hacia un nuevo paradigma. p. 185. | ||
| 505 | _aHenrik Gudmundsson / Haciendo que los conceptos importen: movilidad sostenible y sistemas de indicadores en la política de transporte. p. 199 | ||
| 505 | _aRalph Henson and Stephen Essex / El desarrollo, diseño y evaluación de redes de transporte local sostenibles. p. 219 | ||
| 505 | _aPatrick van Egmond y otros / Un análisis comparativo del rendimiento de los sistemas de transporte público urbano en Europa. p. 235 | ||
| 505 | _aDavid Banister / Pragmatismo crítico y cobro de peajes en Londres. p. 249 | ||
| 505 | _aM.J.W.A. Vanderschuren ¿Puede la ciudad sudafricana post-apartheid avanzar hacia la accesibilidad, la equidad y la sostenibilidad? | ||
| 505 | _aWolfgang Schade / El ruido del transporte: un reto para la movilidad sostenible. p. 279 | ||
| 505 | _aVincent Kaufmann y Christophe Jemelin / Coordinación de la planificación territorial y el transporte: ¿cuánto margen de maniobra?. p. 295 | ||
| 505 | _aCarsten Gertz / Lecciones de una política histórica de Estados Unidos sobre transporte, uso de la tierra y calidad del aire, y sus implicaciones para los cambios de políticas en otros países. p. 307 | ||
| 505 | _aJoachim Scheiner and Birgit Kasper / Estilos de vida, elección de la ubicación de la vivienda y movilidad cotidiana: el enfoque del estilo de vida en el contexto de la movilidad espacial y la planificación. p. 319 | ||
| 505 | _aDominie Stead / Política de transporte y ordenación del territorio: ¿realmente integradas?. p. 333 | ||
| 505 | _aPatrice Salini / Transporte y democracia sostenible: asentimiento y dinámica de sistemas. p. 349 | ||
| 505 | _aNúmeros pasados. p. 361 | ||
| 650 |
_aMovilidad sostenible _zEuropa _927016 |
||
| 773 |
_aInternational Social Science Journal _gvol.55 - Nº176 (jun-2003). p. 363 |
||
| 908 | _aImp | ||
| 942 |
_2udc _cART |
||
| 945 | _d2025-04-03 | ||
| 980 |
_65 _aMaría Machado _85 _gMaría Machado |
||
| 999 |
_c11888 _d11888 |
||